000 00676nam a2200229 a 4500
008
020 _a0340677716 (pbk.)
049 _aMAIN
090 _aTK7874
100 1 _aBuchanan, William.
245 1 0 _aMicroelectronic systems :
_bdesign, modelling, and testing /
_cW. Buchanan.
260 _aLondon :
_bArnold,
_c1997.
300 _axiv, 314 p. :
_bill. ;
_c24 cm.
500 _aIncludes index.
650 0 _aMicroelectronics.
650 0 _aIntegrated circuits
_xDesign and construction.
907 _a.b10112613
_b26-02-04
_c21-02-04
003
005 20230123133634.0
040 _cNUST
942 _cBOOKS
_kTK7874
999 _c152073
_d152073